000
00265nam a22001217a 4500
020
_a
08-013288-X
082
_a
621.31924 MIL'P
100
_a
MILLER, H. A
_9
77944
245
_a
PRACTICAL WIRING
250
_a
VOL-1
260
_a
LONDON
_b
PERGMAN
_c
1969
942
_c
BK
999
_c
583375
_d
583375